000 00327nam a22001457a 4500
003 SGT
082 _a510,PUN
100 _aPUNDIR,SUDHIR K
245 _aINTEGRATION THEORY AND FUNCTIONAL ANALYSIS
250 _a1ST
260 _aMEERUT
_bPRAGATI PRAKASHAN
_c2015
300 _a432
650 _aMATHEMATICS
942 _2ddc
_cFPS
999 _c10032
_d10032